000 00570nam a2200181Ia 4500
005 20250423101222.0
008 250422s9999 xx 000 0 und d
020 _a0061000035
050 _aPS 3558 .I45 .D3/
100 _aHillerman, Tony
245 4 _aThe dark wind
260 _aNew York
260 _bHarper Paperbacks
260 _c1990
300 _a304 p
650 _aChee, Jim (Fictitious character)_Fiction. Police_Southwestern States_Fiction. Navajo Indians_Fiction. Southwestern States_Fiction. Detective and mystery stories. |2 gsafd
942 _cBK
999 _c35648
_d35648